Mathematique moderne /
Guardado en:
| Autor Principal: | |
|---|---|
| Formato: | Libro |
| Publicado: |
Bruxelles :
M. Didier,
1963
|
| Materias: | |
| Etiquetas: |
Agregar Etiqueta
Sin Etiquetas, Sea el primero en etiquetar este registro!
|
| LEADER | 00479nam a22001695a 4500 | ||
|---|---|---|---|
| 001 | CEM.cems004887 | ||
| 005 | 20060217000000.0 | ||
| 008 | 130507s1963##################000#0#####d | ||
| 003 | CEMS | ||
| 082 | 0 | 4 | |a 510 |
| 100 | 1 | |a Papy | |
| 245 | 1 | 0 | |a Mathematique moderne / |
| 260 | |a Bruxelles : |b M. Didier, |c 1963 | ||
| 300 | |a 468 | ||
| 653 | |a Matematica | ||
| 859 | |a CEMS |b BIB. CEMS - 11 de abril |h 510 |i P197-1/I |p 12050.83 |t Ej.1 | ||
| 859 | |a CEMS |b BIB. CEMS - 11 de abril |h 510 |i P197-1/I |p 12060.83 |t Ej.2 | ||
